<?xml version="1.0" encoding="UTF-8"?>
<record
    xmlns:xsi="http://www.w3.org/2001/XMLSchema-instance"
    xsi:schemaLocation="http://www.loc.gov/MARC21/slim http://www.loc.gov/standards/marcxml/schema/MARC21slim.xsd"
    xmlns="http://www.loc.gov/MARC21/slim">

  <leader>00855nam a22001937a 4500</leader>
  <controlfield tag="005">20250731113122.0</controlfield>
  <datafield tag="010" ind1=" " ind2=" ">
    <subfield code="a">HIN-130075</subfield>
  </datafield>
  <datafield tag="020" ind1=" " ind2=" ">
    <subfield code="c">225.00</subfield>
    <subfield code="a">9789383602155</subfield>
  </datafield>
  <datafield tag="035" ind1=" " ind2=" ">
    <subfield code="a">HN-102421</subfield>
  </datafield>
  <datafield tag="037" ind1=" " ind2=" ">
    <subfield code="b">DBAD</subfield>
  </datafield>
  <datafield tag="082" ind1=" " ind2=" ">
    <subfield code="a">821.08</subfield>
  </datafield>
  <datafield tag="100" ind1=" " ind2=" ">
    <subfield code="a">&#x915;&#x947;&#x935;&#x932;&#x93F;&#x92F;&#x93E; &#x92E;&#x926;&#x928;</subfield>
    <subfield code="9">83522</subfield>
  </datafield>
  <datafield tag="245" ind1=" " ind2=" ">
    <subfield code="a">&#x92E;&#x94B;&#x939;&#x92E;&#x94D;&#x92E;&#x926; &#x909;&#x938;&#x94D;&#x92E;&#x93E;&#x928; &#x906;&#x930;&#x93F;&#x92B;&#x93C; &#x91C;&#x93C;&#x93F;&#x928;&#x94D;&#x926;&#x917;&#x940;  &#x915;&#x940; &#x927;&#x921;&#x93C;&#x915;&#x928;&#x947; / </subfield>
    <subfield code="b">&#x92E;&#x926;&#x928; &#x915;&#x947;&#x935;&#x932;&#x93F;&#x92F;&#x93E; </subfield>
  </datafield>
  <datafield tag="260" ind1=" " ind2=" ">
    <subfield code="a">&#x92C;&#x940;&#x915;&#x93E;&#x928;&#x947;&#x930;</subfield>
    <subfield code="b">&#x938;&#x94B;&#x936;&#x932; &#x92A;&#x94D;&#x930;&#x94B;&#x917;&#x94D;&#x930;&#x947;&#x938;&#x93F;&#x935; &#x938;&#x94B;&#x938;&#x93E;&#x907;&#x91F;&#x940;</subfield>
  </datafield>
  <datafield tag="270" ind1=" " ind2=" ">
    <subfield code="a">&#x91C;&#x948;&#x928;&#x92C; &#x915;&#x949;&#x91F;&#x947;&#x91C; , &#x92C;&#x921;&#x93C;&#x940; &#x915;&#x930;&#x94D;&#x92C;&#x932;&#x93E; &#x92E;&#x93E;&#x930;&#x94D;&#x917; , &#x91A;&#x94C;&#x916;&#x942;&#x902;&#x91F;&#x940; , &#x92C;&#x940;&#x915;&#x93E;&#x928;&#x947;&#x930; -334001</subfield>
  </datafield>
  <datafield tag="300" ind1=" " ind2=" ">
    <subfield code="a">176&#x92A;&#x943;.</subfield>
    <subfield code="c">21.4&#x938;&#x947;&#x92E;&#x940; (&#x905;&#x91C;&#x93F;&#x932;&#x94D;&#x926;)</subfield>
  </datafield>
  <datafield tag="700" ind1=" " ind2=" ">
    <subfield code="9">83490</subfield>
  </datafield>
  <datafield tag="942" ind1=" " ind2=" ">
    <subfield code="2">ddc</subfield>
    <subfield code="c">HN</subfield>
    <subfield code="h">821.08</subfield>
    <subfield code="m">&#x915;&#x947;&#x935;&#x932;&#x93F;</subfield>
  </datafield>
  <datafield tag="999" ind1=" " ind2=" ">
    <subfield code="c">212742</subfield>
    <subfield code="d">212742</subfield>
  </datafield>
  <datafield tag="952" ind1=" " ind2=" ">
    <subfield code="0">0</subfield>
    <subfield code="1">0</subfield>
    <subfield code="4">0</subfield>
    <subfield code="7">0</subfield>
    <subfield code="8">NFIC</subfield>
    <subfield code="a">ZLS</subfield>
    <subfield code="b">ZLS</subfield>
    <subfield code="d">2025-07-31</subfield>
    <subfield code="e">DBAD</subfield>
    <subfield code="g">225.00</subfield>
    <subfield code="l">0</subfield>
    <subfield code="o">821.08 &#x915;&#x947;&#x935;&#x932;&#x93F;</subfield>
    <subfield code="p">HN-102421</subfield>
    <subfield code="r">2025-07-31 00:00:00</subfield>
    <subfield code="t">1</subfield>
    <subfield code="v">225.00</subfield>
    <subfield code="w">2025-07-31</subfield>
    <subfield code="y">HN</subfield>
  </datafield>
</record>
